| 000 | 00540nam a2200157Ia 4500 | ||
|---|---|---|---|
| 008 | 210716s2004 xx 000 0 und d | ||
| 020 | _a8176293091 | ||
| 041 | _aeng | ||
| 082 | _a330.092 DASD | ||
| 100 | _aDas, Debendra Kumar. | ||
| 245 |
_aGreat Indian economists: Thier creative vision for socio- economic development-5- D R Gadgil. _bThier creative vision for socio- economic development-5- D R Gadgil. |
||
| 260 |
_aNew delhi _bDeep and deep publications pvt. ltd _c2004 |
||
| 300 | _axli,385 | ||
| 440 | _v1 | ||
| 650 | _aEconomics | ||
| 999 |
_c199827 _d199827 |
||